000
00264nam a22001217a 4500
008
181025b xxu||||| |||| 00| 0 eng d
041
_a
eng
080
_a
610
100
_a
3
101
_a
SHM
245
_a
Manual Of Lipid Disorders
_c
Gotto.A
942
_2
udc
_c
BK
999
_c
50925
_d
50925